000 00551nam a2200181Ia 4500
003 IN-BaIIA
008 211028s9999 xx 000 0 eng d
020 _a978-981-283-286-3
040 _cIIA Library
080 _a530.145
_bDAS
100 _aDas, Ashok
_932429
245 0 _aLectures on quantum field theory
_cAshok Das
260 _aNew Jersey
_bWorld Scientific
_c2008
300 _axiii, 775p.
650 _aQuantum field theory
_96197
650 _aRelativistic equations
_932430
942 _cBK
999 _c17214
_d17214